01252nam a2200301 a 4500001001000000005001700010041000800027044000800035084002000043100004500063245006500108260007600173300003700249440003200286500006000318500005000378500014700428500003600575500001000611546002400621650005200645650005600697650003400753650004500787700003400832700003400866740005000900BRCA_342720190320204258.0 aeng aenk a716b.J33c19501 aCervantes Saavedra, Miguel ded1547-161610aStories from Don QuixotecTold to the Children by John Lang. aLondres : Nueva YorkbT. C. and E. C. Jack : E. P. Dutton and Co.c1950 avii, 120 p.bil. a colorc15 cm. 0aTold to the Children Series aContenido : Serie de episodios quijotescos compendiados aEdición : With Pictures by F. M. B. Blaikie aCompendio muy abreviado para niños por J. Lanc. Ilustrado por Blaikie. Tela; lomo y plano decorados con motivos quijotescos Lúdovik Osterc aIncluye índice : De historias aQMB65 aTexto en : inglés14aNovela españolayÉpoca clásica, 1500-170014aLiteratura españolayÉpoca clásica, 1500-170014aNovela españolaySiglo XVII14aDon Quijote (Personaje ficticio)eNovela1 aLanc, Johnd1816-1864eEditor1 aBlaikie, F. M. B.eIlustrador0 aEl Ingenioso Hidalgo Don Quijote de la Mancha